00465 2200193 4500001002100000005001500021035002000036245004600056100001400102250000600116856004500122260003600167082000800203084001400211600001000225990001200235990001200247990001200259INLIS00000000000180620250506104928 a0010-05250000981 aMencari Pencuri Anak Perawan /cSumam HS.0 aSumam HS. a1 aRuang Baca Umum No Klas 800 ( Rak 3,4,5) aJakarta :bBalai Pustaka,c2000 a813 a813 SUM m 4aFiksi a00.0106 a00.0107 a00.0108